[Event "AUTO-OPEN-3236"]
[Site "http://www.queenalice.com/game.php?id=1274804"]
[Date "2014.4.21"]
[Round "1"]
[White "bombeiro"]
[Black "yclaudiu35"]
[Result "1-0"]
[WhiteElo "1627"]
[BlackElo "1967"]

1. e4 e5 2. Nf3 Nc6 3. Bc4 h6 4. O-O Bc5 5. Bd5 d6 6. Bxc6+ bxc6 7. Nc3 Bg4 8.
h3 Bh5 9. g4 Bg6 10. d3 h5 11. Bg5 f6 12. Bh4 hxg4 13. hxg4 Qd7 14. g5 Qg4+ 15.
Bg3 Bh5 16. gxf6 Qxf3 17. Qxf3 Bxf3 18. fxg7 Rh7 19. a3 Rxg7 20. b4 Bd4 21. Ra2
Bxc3 22. Rc1 Nf6 23. Rb1 Bd4 24. b5 Rxg3+ 25. Kf1 Bg2+ 26. Ke2 Rf3 27. bxc6
Rxf2+ 28. Kd1 Bf3+ 29. Ke1 1-0

[Event "AUTO-OPEN-3236"]
[Site "http://www.queenalice.com/game.php?id=1274805"]
[Date "2014.4.21"]
[Round "1"]
[White "yclaudiu35"]
[Black "bombeiro"]
[Result "1-0"]
[WhiteElo "2036"]
[BlackElo "1641"]

1. e4 e5 2. Nf3 Nc6 3. a3 Nf6 4. Nc3 Bc5 5. Bc4 Ng4 6. O-O Nxf2 7. Rxf2 Bxf2+ 8.
Kxf2 Qf6 9. Nd5 Qd6 10. Ng5 Qc5+ 11. Ne3 d5 12. Bxd5 O-O 13. b4 Qe7 14. Nf3 Bg4
15. Nxg4 Qf6 16. Nxf6+ gxf6 17. Bxc6 bxc6 18. Nh4 Rad8 19. Qg4+ Kh8 20. Nf5 Rg8
21. Qh4 Rg5 22. d4 exd4 23. Bxg5 fxg5 24. Qxg5 Rg8 25. Qf6+ Rg7 26. Qxg7# 1-0

[Event "AUTO-OPEN-3236"]
[Site "http://www.queenalice.com/game.php?id=1274806"]
[Date "2014.4.21"]
[Round "1"]
[White "bombeiro"]
[Black "bpctreinamento"]
[Result "1-0"]
[WhiteElo "1616"]
[BlackElo "1595"]

1. e4 e5 2. Nf3 Nc6 3. Bc4 Nf6 4. Ng5 Nxe4 5. Nxf7 Qh4 6. g3 Qh3 7. Nxh8 Qg2 8.
Rf1 Qxh2 9. Qf3 Nxf2 10. Qf7+ Kd8 11. Qxf8# 1-0

[Event "AUTO-OPEN-3236"]
[Site "http://www.queenalice.com/game.php?id=1274807"]
[Date "2014.4.21"]
[Round "1"]
[White "bpctreinamento"]
[Black "bombeiro"]
[Result "1-0"]
[WhiteElo "1617"]
[BlackElo "1644"]

1. e4 e5 2. Nf3 Nc6 3. Bc4 Nf6 4. Ng5 d5 5. exd5 Nd4 6. d6 Bxd6 7. Nxf7 Qe7 8.
Nxh8 Bg4 9. f3 Bh5 10. g4 Bxg4 11. fxg4 Kd7 12. g5 Ne4 13. Qg4+ Kc6 14. d3 Bb4+
15. c3 Bxc3+ 16. bxc3 Nxc3 17. Bb2 Nd5 18. Bxd5+ Kxd5 19. Bxd4 exd4+ 20. Kd2 c6
21. Qf3+ Kc5 22. Re1 Qxg5+ 23. Ke2 Rxh8 24. Na3 Qe7+ 25. Kf2 Qd6 26. Rac1+ Kb6
27. Nc4+ Kc5 28. Nxd6+ Kxd6 29. Qf4+ Kd7 30. Qf7+ Kc8 31. Qxg7 1-0

[Event "AUTO-OPEN-3236"]
[Site "http://www.queenalice.com/game.php?id=1274808"]
[Date "2014.4.21"]
[Round "1"]
[White "bombeiro"]
[Black "Foliko"]
[Result "0-1"]
[WhiteElo "1639"]
[BlackElo "1858"]

1. e4 c6 2. e5 d5 3. exd6 Qxd6 4. Bc4 Bf5 5. Nf3 e6 6. O-O Nf6 7. Re1 Be7 8. d4
O-O 9. g3 Bg4 10. Bg5 Nbd7 11. Bxf6 Bxf6 12. h3 Bxf3 13. Qxf3 Bxd4 14. c3 Bb6
15. Rd1 Qc7 16. b4 Ne5 17. Qe2 Nxc4 18. Qxc4 Qxg3+ 19. Kh1 Qxh3+ 20. Kg1 Bc7 21.
f4 Qg3+ 22. Kf1 Qf3+ 23. Ke1 Bxf4 24. Qe2 Bg3+ 25. Kd2 Rfd8+ 26. Kc2 Qxe2+ 27.
Nd2 Qd3+ 28. Kb2 Qe2 29. Kb3 Rxd2 30. Rxd2 Qxd2 31. a4 h5 32. Ra2 Qd1+ 33. Rc2
a5 34. bxa5 Rxa5 35. c4 Rxa4 36. Kxa4 Qxc2+ 37. Kb4 Bd6+ 38. c5 Bxc5+ 39. Ka5
Qa2# 0-1

[Event "AUTO-OPEN-3236"]
[Site "http://www.queenalice.com/game.php?id=1274809"]
[Date "2014.4.21"]
[Round "1"]
[White "Foliko"]
[Black "bombeiro"]
[Result "1-0"]
[WhiteElo "1898"]
[BlackElo "1676"]

1. e4 e5 2. Nf3 Nc6 3. d4 exd4 4. Bc4 h6 5. Nxd4 Nxd4 6. Qxd4 c5 7. Qe5+ Qe7 8.
Qf4 g5 9. Qf3 d6 10. O-O h5 11. Bxg5 Bg4 12. Bb5+ Kd8 13. Bxe7+ Bxe7 14. Qxf7
Nh6 15. Qd5 Rb8 16. Nd2 a6 17. Bd3 Kd7 18. e5 Be6 19. Qf3 Bg4 20. Qe3 Rbg8 21.
Rfe1 Bg5 22. f4 Bh4 23. g3 Be7 24. exd6 Kxd6 25. Nc4+ Kc6 26. Qxe7 Re8 27. Qd6+
Kb5 28. Qb6+ Ka4 29. b3# 1-0

[Event "AUTO-INT-2887"]
[Site "http://www.queenalice.com/game.php?id=1298848"]
[Date "2014.8.2"]
[Round "1"]
[White "bombeiro"]
[Black "piemme"]
[Result "0-1"]
[WhiteElo "1587"]
[BlackElo "1709"]

1. e4 e5 2. Nf3 d6 3. Bc4 h6 4. O-O Nf6 5. Nc3 a6 6. a4 c6 7. d4 exd4 8. Nxd4 c5
9. Nf3 Qe7 10. Re1 Bd7 11. e5 dxe5 12. Nxe5 Be6 0-1

[Event "AUTO-INT-2887"]
[Site "http://www.queenalice.com/game.php?id=1298849"]
[Date "2014.8.2"]
[Round "1"]
[White "piemme"]
[Black "bombeiro"]
[Result "1-0"]
[WhiteElo "1696"]
[BlackElo "1614"]

1. e4 e5 2. Nf3 Nc6 3. Bb5 Nf6 4. d3 Bc5 5. Bxc6 dxc6 6. Nxe5 O-O 7. O-O Qd4 8.
Nf3 Qd7 9. d4 Bb4 10. c3 Ba5 11. e5 Ng4 12. Nbd2 1-0

[Event "AUTO-INT-2887"]
[Site "http://www.queenalice.com/game.php?id=1298850"]
[Date "2014.8.2"]
[Round "1"]
[White "bombeiro"]
[Black "Danado"]
[Result "0-1"]
[WhiteElo "1661"]
[BlackElo "1658"]

1. e4 e5 2. Nf3 d6 3. Bc4 h6 4. O-O Bg4 5. a4 Qf6 6. Nc3 c6 7. h3 Bxf3 8. Qxf3
Qxf3 9. gxf3 Nf6 10. d3 Nbd7 11. f4 d5 12. exd5 c5 0-1

[Event "AUTO-INT-2887"]
[Site "http://www.queenalice.com/game.php?id=1298851"]
[Date "2014.8.2"]
[Round "1"]
[White "Danado"]
[Black "bombeiro"]
[Result "1-0"]
[WhiteElo "1674"]
[BlackElo "1645"]

1. e4 e5 2. Nf3 Nc6 3. d4 exd4 4. Nxd4 Nxd4 5. Qxd4 c5 6. Qe5+ Qe7 7. Qxe7+ Bxe7
8. Bc4 Nf6 9. f3 O-O 10. Bg5 Nh5 11. Bxe7 Re8 12. Bg5 h6 13. Be3 d6 14. Nc3 1-0

[Event "AUTO-ADV-3206"]
[Site "http://www.queenalice.com/game.php?id=1298894"]
[Date "2014.8.2"]
[Round "1"]
[White "clovis"]
[Black "bombeiro"]
[Result "1-0"]
[WhiteElo "1961"]
[BlackElo "1595"]

1. e4 e5 2. Bc4 Nf6 3. Nc3 Bc5 4. d3 Bb4 5. Bg5 Bxc3+ 6. bxc3 O-O 7. Nf3 d6 8.
O-O c6 9. d4 exd4 10. cxd4 Bg4 11. e5 Bxf3 12. Qxf3 dxe5 13. dxe5 b5 14. Bd3
Nbd7 15. exf6 1-0

[Event "AUTO-ADV-3206"]
[Site "http://www.queenalice.com/game.php?id=1298895"]
[Date "2014.8.2"]
[Round "1"]
[White "bombeiro"]
[Black "clovis"]
[Result "0-1"]
[WhiteElo "1599"]
[BlackElo "1957"]

1. e4 e5 2. Nf3 Nc6 3. Bc4 Nf6 4. Ng5 Bc5 5. Nxf7 Bxf2+ 6. Kxf2 Nxe4+ 7. Kg1 Qh4
8. Qf1 Rf8 9. g3 Qe7 10. d3 Nd6 11. Bg5 Nxc4 12. Bxe7 Rxf7 13. Qc1 Nxe7 14. dxc4
d6 0-1

[Event "AUTO-ADV-3206"]
[Site "http://www.queenalice.com/game.php?id=1298910"]
[Date "2014.8.2"]
[Round "1"]
[White "Joaquim_Manoel"]
[Black "bombeiro"]
[Result "1-0"]
[WhiteElo "1943"]
[BlackElo "1666"]

1. e4 e5 2. Nf3 Nc6 3. Bc4 h6 4. d4 exd4 5. Nxd4 Ne5 6. O-O Nxc4 7. e5 Nxe5 8.
Re1 d6 9. f4 c5 10. Nf3 Bg4 11. fxe5 dxe5 12. Rxe5+ Be7 13. Nbd2 f6 14. Re1 Bxf3
15. Qxf3 b5 16. Qc6+ Kf7 17. Nb3 c4 18. Qe6+ Kf8 19. Nd2 1-0

[Event "AUTO-ADV-3206"]
[Site "http://www.queenalice.com/game.php?id=1298911"]
[Date "2014.8.2"]
[Round "1"]
[White "bombeiro"]
[Black "Joaquim_Manoel"]
[Result "0-1"]
[WhiteElo "1671"]
[BlackElo "1938"]

1. e4 e5 2. Nf3 Nf6 3. Nxe5 Nc6 4. Nc4 Bc5 5. Bd3 Bxf2+ 6. Kxf2 O-O 7. e5 d5 8.
exf6 dxc4 9. fxg7 Qf6+ 10. Qf3 Qxf3+ 11. Kxf3 Kxg7 12. Bxc4 Nd4+ 13. Ke3 Nxc2+
14. Ke2 Nxa1 15. Bd3 Re8+ 16. Kd1 Be6 17. Nc3 Rad8 0-1

[Event "AUTO-ADV-3206"]
[Site "http://www.queenalice.com/game.php?id=1298920"]
[Date "2014.8.2"]
[Round "1"]
[White "bestb40409"]
[Black "bombeiro"]
[Result "0-1"]
[WhiteElo "1739"]
[BlackElo "1652"]

1. e4 e5 2. Nc3 Bc5 3. Nf3 Nf6 4. d4 exd4 5. Nxd4 Bxd4 6. Qxd4 O-O 7. Bd3 Nc6 8.
Qe3 d6 9. O-O Ng4 10. f3 Nxe3 0-1

[Event "AUTO-ADV-3206"]
[Site "http://www.queenalice.com/game.php?id=1298921"]
[Date "2014.8.2"]
[Round "1"]
[White "bombeiro"]
[Black "bestb40409"]
[Result "0-1"]
[WhiteElo "1593"]
[BlackElo "1854"]

1. e4 e6 2. e5 d5 3. Nf3 c5 4. Bb5+ Nc6 5. Bxc6+ bxc6 6. O-O Ne7 7. d4 Nf5 8.
dxc5 Bxc5 9. a3 a5 10. Bd2 Ba6 11. Re1 Qb6 12. Kh1 Bxf2 0-1

[Event "AUTO-OPEN-3301"]
[Site "http://www.queenalice.com/game.php?id=1298990"]
[Date "2014.8.3"]
[Round "1"]
[White "clovis"]
[Black "bombeiro"]
[Result "1-0"]
[WhiteElo "1959"]
[BlackElo "1597"]

1. e4 e5 2. Bc4 Nc6 3. Nf3 h6 4. d4 exd4 5. Nxd4 Nxd4 6. Qxd4 c5 7. Qd3 Qe7 8.
Nc3 a6 9. Nd5 Qd6 10. Bf4 Qc6 11. Nc7+ Kd8 12. Nxa8 b5 13. Bd5 Qf6 14. O-O-O 1-0

[Event "AUTO-OPEN-3301"]
[Site "http://www.queenalice.com/game.php?id=1299020"]
[Date "2014.8.3"]
[Round "1"]
[White "bombeiro"]
[Black "CCapivara"]
[Result "0-1"]
[WhiteElo "1601"]
[BlackElo "2063"]

1. e4 d6 2. Nf3 Nf6 3. Nc3 c6 4. Bc4 e5 5. Ng5 d5 6. exd5 cxd5 7. Bb3 Bc5 8. h3
O-O 9. O-O Nc6 10. d3 h6 11. Nf3 Be6 0-1

[Event "AUTO-OPEN-3301"]
[Site "http://www.queenalice.com/game.php?id=1299021"]
[Date "2014.8.3"]
[Round "1"]
[White "CCapivara"]
[Black "bombeiro"]
[Result "1-0"]
[WhiteElo "2061"]
[BlackElo "1630"]

1. e4 e5 2. f4 exf4 3. Nf3 d6 4. Bc4 h6 5. O-O Nf6 6. Nc3 Bg4 7. d4 Bxf3 8. Qxf3
g5 9. Kh1 Nc6 10. e5 dxe5 11. dxe5 Nxe5 12. Re1 1-0

[Event "AUTO-OPEN-3301"]
[Site "http://www.queenalice.com/game.php?id=1299022"]
[Date "2014.8.3"]
[Round "1"]
[White "bombeiro"]
[Black "maurice91"]
[Result "0-1"]
[WhiteElo "1628"]
[BlackElo "1846"]

1. e4 c6 2. Bc4 e6 3. Nf3 d5 4. exd5 cxd5 5. Bb5+ Nc6 6. Ne5 Bd7 7. Qf3 Nf6 8.
Bxc6 Bxc6 9. d4 Bd6 10. Nxc6 bxc6 11. O-O Qc7 12. Bg5 Ne4 13. Be3 Bxh2+ 14. Kh1
Bd6 0-1

[Event "AUTO-OPEN-3301"]
[Site "http://www.queenalice.com/game.php?id=1299023"]
[Date "2014.8.3"]
[Round "1"]
[White "maurice91"]
[Black "bombeiro"]
[Result "1-0"]
[WhiteElo "1853"]
[BlackElo "1621"]

1. d4 d5 2. Nf3 Nf6 3. c3 Bg4 4. e3 Bxf3 5. Qxf3 e6 6. Bd3 Bd6 7. c4 O-O 8. c5
Be7 9. b4 b6 10. O-O bxc5 11. bxc5 Nc6 12. Nd2 Nb4 13. Bb1 a5 14. a3 Na6 15. Qe2
g5 16. Qd3 1-0